=LDR 00000nam 2200000 4500 =001 INLIS000000000050641 =005 20170510092905 =035 ##$$a 0010-0517000294 =007 ta =008 170510###########################0###### =020 ##$$a 978-602-9212-39-6 =082 ##$$a 745.5 =084 ##$$a 745.5 PHO p =100 #$$a Phoek, Paulus =245 1#$$a Plush Panduan Berkreasi dan Berbisnis /$c Paulus Phoek =250 ##$$a Cet.1 =260 ##$$a Solo :$b Tiga Serangkai,$c 2012 =300 ##$$a 112 hlm. : $b Ilus ; $c 27 cm. =650 ##$$a KETERAMPILAN =990 ##$$a 82718271 =990 ##$$a 82718271 =990 ##$$a 31701467 =990 ##$$a 02201708271 =990 ##$$a 31701468 =990 ##$$a 31701467